000 00548nam a2200181Ia 4500
008 100920s9999 xx 000 0 und d
082 _b61651
_a24 थ 87
100 _aभिडे श्रीधर.
245 _aसप्रेम भेट.
260 _bमनमोहिनी प्रकाशन, पुणे.
_c1987
300 _a183
_bसाधी
365 _b40
520 _aसायो.
630 _aसप्रेम भेट.
650 _aसायो.
730 _aसप्रेम भेट.
942 _cBOOK
999 _c704820
_d704817